000 00637npc a2200205Ia 4500
001 dg85-38323
003 IT-MiCISF
008 161014s9999||||xx | und||
040 _aIT-MiCISF
_cIT-MiCISF
041 _ait
100 _aAA.VV.
245 0 _aIl progetto minori de "Il noce"
250 _a1a ed.
260 _a Casarsa della Delizia (PN)
_bAssociazione di volontariato "Il noce"
_c2002
300 _app. 34
500 _aCentro Studi Sociali "Luigi Scrosoppi" / volontariato, bambini-a-rischio, casa-famiglia, affido, adozione, esperienze /
650 _avolontariato
942 _cDD
957 _71
999 _a38323
_bsi
_g1
_c207109
_d207109